000
00300cam a2200121ua 4500
082
_a
303.482
_b
HEI/PS
100
_a
Heider, Fritz .
_9
1868
245
_a
Psychology of interpersonal Relations /
250
_a
1 /
260
_a
London :
_b
John Wiley & Sons ,
_c
1959.
300
_a
322 ; .
942
_c
BK
999
_c
3178
_d
3178